LEADER 01139nam 2200373 450 001 9910157625703321 005 20221226061357.0 010 $a3-318-03752-4 035 $a(CKB)3780000000101466 035 $a(NjHacI)993780000000101466 035 $a(EXLCZ)993780000000101466 100 $a20221226d1918 uy 0 101 0 $ager 135 $aur||||||||||| 181 $ctxt$2rdacontent 182 $cc$2rdamedia 183 $acr$2rdacarrier 200 10$aEpilepsie und Dementia praecox /$fW. Vorkastner 210 1$aBerlin :$cS. Karger AG,$d1918. 215 $a1 online resource (112 pages) 225 1 $aKey issues in mental health ;$vNumber 4 311 $a3-8055-1849-8 320 $aIncludes bibliographical references. 410 0$aKey issues in mental health ;$vNumber 4. 606 $aEpilepsy$xPsychological aspects 615 0$aEpilepsy$xPsychological aspects. 676 $a616.853 700 $aVorkastner$b Willy$f1878-1931,$01272358 801 0$bNjHacI 801 1$bNjHacl 906 $aBOOK 912 $a9910157625703321 996 $aEpilepsie und Dementia praecox$92996809 997 $aUNINA